[Event "Skopje op"]
[Site "Skopje"]
[Date "2023.12.08"]
[Round "4"]
[White "Valitov, Ilshat"]
[Black "Zhezhov, Emil"]
[Result "1/2-1/2"]
[WhiteElo "1802"]
[BlackElo "1665"]
[PlyCount "72"]
[EventDate "2023.12.06"]
[EventType "swiss"]
[EventRounds "9"]
[EventCountry "MKD"]
[SourceTitle "CB50_2023"]
[SourceDate "2023.12.13"]
[SourceVersion "1"]
[SourceVersionDate "2023.12.13"]
[SourceQuality "1"]

1. Nf3 c5 2. g3 e6 3. Bg2 Nc6 4. d3 d5 5. c4 g6 6. 0-0 Bg7 7. cxd5 exd5 8. Nc3 Nge7 9. Bf4 a6 10. Na4 Qa5 11. Rc1 b5 12. Nxc5 Qxa2 13. b3 Qa5 14. e4 dxe4 15. Nxe4 0-0 16. Nd6 Ra7 17. Ng5 Bd7 18. Re1 h6 19. Nge4 Nd5 20. Bd2 Qd8 21. Nc5 Nce7 22. Ndb7 Qc8 23. Ba5 Bc6 24. Nd6 Qb8 25. Nde4 Ba8 26. Bd2 Nf5 27. Bh3 Nde7 28. b4 Qd8 29. Qe2 Nd4 30. Qd1 f5 31. Nc3 Nf3+ 32. Kf1 Nxh2+ 33. Kg1 Nf3+ 34. Kf1 Nh2+ 35. Kg1 Nf3+ 36. Kf1 Nh2+ 1/2-1/2

[Event "Skopje op"]
[Site "Skopje"]
[Date "2023.12.08"]
[Round "3"]
[White "Zhezhov, Emil"]
[Black "Zhezhovska, Monika"]
[Result "0-1"]
[WhiteElo "1665"]
[BlackElo "1826"]
[PlyCount "84"]
[EventDate "2023.12.06"]
[EventType "swiss"]
[EventRounds "9"]
[EventCountry "MKD"]
[SourceTitle "CB50_2023"]
[SourceDate "2023.12.13"]
[SourceVersion "1"]
[SourceVersionDate "2023.12.13"]
[SourceQuality "1"]

1. c4 Nf6 2. g3 e6 3. Nf3 d5 4. b3 d4 5. Bg2 Nc6 6. d3 e5 7. Bb2 Bc5 8. 0-0 0-0 9. Ba3 Bxa3 10. Nxa3 a5 11. Nc2 Qe7 12. a3 Rd8 13. Nd2 Bf5 14. Ne4 Nxe4 15. dxe4 Bg4 16. f3 Be6 17. Qd3 Qc5 18. Kh1 a4 19. Rfc1 axb3 20. Qxb3 Na5 21. Qb4 Qxc4 22. Rab1 c5 23. Qb6 Nb3 24. Rxb3 Qxb3 25. Qxb3 Bxb3 26. Na1 Rxa3 27. Nxb3 Rxb3 28. Bh3 Rc3 29. Rb1 Rb8 30. Bd7 c4 31. Kg1 Rb3 32. Rc1 c3 33. Kf2 b5 34. Ke1 b4 35. f4 Rb2 36. fxe5 b3 37. e6 fxe6 38. Bxe6+ Kf8 39. Bd5 c2 40. e5 Rb1 41. Kd2 Rxc1 42. Kxc1 b2+ 0-1

[Event "FRM-ch op"]
[Site "Skopje"]
[Date "2023.05.09"]
[Round "7"]
[White "Linkinoski, Borce"]
[Black "Zhezhov, Emil"]
[Result "1-0"]
[WhiteElo "1382"]
[BlackElo "1698"]
[PlyCount "75"]
[EventDate "2023.05.04"]
[EventType "swiss"]
[EventRounds "9"]
[EventCountry "MKD"]
[SourceTitle "CBM 214 Extra"]
[Source "ChessBase"]
[SourceDate "2023.07.31"]
[SourceVersion "1"]
[SourceVersionDate "2023.07.31"]
[SourceQuality "1"]

1. e4 c5 2. Nf3 e6 3. d4 cxd4 4. Nxd4 a6 5. Nc3 b5 6. Be3 Bb7 7. f3 Qc7 8. Bd3 Bb4 9. Nde2 Nf6 10. a3 Bd6 11. f4 Ng4 12. Qd2 Nxe3 13. Qxe3 Bc5 14. Qg3 Bf8 15. 0-0-0 Nc6 16. e5 b4 17. axb4 Nxb4 18. f5 Rc8 19. Nd4 Qb6 20. Be2 g6 21. fxe6 Bh6+ 22. Kb1 dxe6 23. Rhf1 0-0 24. h4 Rfd8 25. Nb3 Nd5 26. Nxd5 Bxd5 27. h5 Rxc2 28. Rxd5 Rxe2 29. Rxd8+ Qxd8 30. hxg6 fxg6 31. Qh3 Re3 32. Qxe6+ Kh8 33. Rc1 Bf8 34. Rc8 Qd3+ 35. Ka2 Qf5 36. Qxf5 gxf5 37. Rxf8+ Kg7 38. Rxf5 1-0

[Event "FRM-ch op"]
[Site "Skopje"]
[Date "2022.05.02"]
[Round "5"]
[White "Zhezhov, Emil"]
[Black "Zlatkov, Anton"]
[Result "0-1"]
[WhiteElo "1769"]
[BlackElo "2106"]
[PlyCount "52"]
[EventDate "2022.04.29"]
[EventType "swiss"]
[EventRounds "9"]
[EventCountry "MKD"]
[SourceTitle "CBM 208 Extra"]
[Source "ChessBase"]
[SourceDate "2022.07.31"]
[SourceVersion "1"]
[SourceVersionDate "2022.07.31"]
[SourceQuality "1"]

1. e4 c5 2. Nf3 Nc6 3. d3 e6 4. Nbd2 d5 5. g3 Nf6 6. Bg2 Be7 7. 0-0 b6 8. Re1 Bb7 9. e5 Nd7 10. c4 dxc4 11. Nxc4 Qc7 12. Bf4 b5 13. Nd6+ Bxd6 14. exd6 Qb6 15. Ng5 Nd4 16. Re4 Nf6 17. Re5 Bxg2 18. Kxg2 Qc6+ 19. f3 Nd5 20. Rc1 f6 21. Nxe6 fxe5 22. Rxc5 exf4 23. Nc7+ Kd7 24. Rxd5 Qc2+ 25. Qxc2 Nxc2 26. Nxa8 Ne3+ 0-1

[Event "FRM-ch op"]
[Site "Skopje"]
[Date "2022.04.30"]
[Round "3"]
[White "Zhezhov, Emil"]
[Black "Ilic, Ljubomir"]
[Result "0-1"]
[WhiteElo "1769"]
[BlackElo "2005"]
[PlyCount "74"]
[EventDate "2022.04.29"]
[EventType "swiss"]
[EventRounds "9"]
[EventCountry "MKD"]
[SourceTitle "CBM 208 Extra"]
[Source "ChessBase"]
[SourceDate "2022.07.31"]
[SourceVersion "1"]
[SourceVersionDate "2022.07.31"]
[SourceQuality "1"]

1. Nf3 g6 2. g3 Bg7 3. Bg2 Nf6 4. 0-0 0-0 5. d3 d6 6. e4 c6 7. c3 Nbd7 8. Re1 Qc7 9. a4 a5 10. h3 b6 11. d4 e5 12. Qc2 Ba6 13. Nbd2 Rfe8 14. Nf1 Rad8 15. Be3 d5 16. Nxe5 dxe4 17. Nxd7 Qxd7 18. c4 Bf8 19. Red1 Qe6 20. b3 Nh5 21. g4 Ng7 22. f4 f5 23. Nh2 Qf7 24. g5 Ne6 25. Qf2 Qc7 26. Nf1 Rd7 27. Ng3 Red8 28. Ne2 Nc5 29. Rab1 Nd3 30. Qf1 b5 31. Rxd3 exd3 32. Nc3 bxc4 33. bxc4 Bxc4 34. d5 cxd5 35. Bb6 Bc5+ 36. Bxc5 Qxc5+ 37. Kh1 d2 0-1

[Event "Zadar op-B 25th"]
[Site "Zadar"]
[Date "2018.12.15"]
[Round "1"]
[White "Zhezhov, Emil"]
[Black "Vidovic, Ante"]
[Result "0-1"]
[WhiteElo "1759"]
[BlackElo "2122"]
[PlyCount "102"]
[EventDate "2018.12.15"]
[EventType "swiss"]
[EventRounds "9"]
[EventCountry "CRO"]
[SourceTitle "CBM 188 Extra"]
[Source "ChessBase"]
[SourceDate "2019.02.26"]
[SourceVersion "1"]
[SourceVersionDate "2019.02.26"]
[SourceQuality "1"]

1. d4 Nf6 2. c4 g6 3. f3 c5 4. d5 d6 5. Nc3 Bg7 6. e4 0-0 7. Be3 e6 8. Qd2 exd5 9. cxd5 a6 10. a4 Re8 11. a5 Nbd7 12. Nh3 Rb8 13. Be2 b5 14. axb6 Qxb6 15. Rb1 Qb3 16. Bd1 Qb4 17. Ba4 Ng4 18. Ke2 Nxe3 19. Qxe3 a5 20. Bxd7 Bxd7 21. Rhc1 Bxh3 22. gxh3 f5 23. Kf1 Qc4+ 24. Kg2 Rb3 25. Qd2 Bxc3 26. Rxc3 Rxc3 27. Qxc3 Qxc3 28. bxc3 fxe4 29. Rb6 exf3+ 30. Kxf3 Ra8 31. Rxd6 a4 32. Rb6 a3 33. Rb1 a2 34. Ra1 Kf7 35. Ke4 Kf6 36. c4 Ra3 37. d6 Ke6 38. d7 Kxd7 39. Kd5 Ra5 40. h4 Kc7 41. h5 gxh5 42. h4 Kd7 43. Ke5 Kc6 44. Kf5 Ra7 45. Kg5 Kd6 46. Kxh5 Ra4 47. Rd1+ Kc6 48. Ra1 Kb6 49. Kg5 Ka5 50. Kf5 Kb4 51. Ke5 Kxc4 0-1

[Event "Skopje Karposh op"]
[Site "Skopje"]
[Date "2018.03.24"]
[Round "1"]
[White "Zhezhov, Emil"]
[Black "Gajic, Mladen"]
[Result "0-1"]
[WhiteElo "1762"]
[BlackElo "2325"]
[PlyCount "60"]
[EventDate "2018.03.24"]
[EventType "swiss"]
[EventRounds "9"]
[EventCountry "MKD"]
[SourceTitle "CBM 183 Extra"]
[Source "ChessBase"]
[SourceDate "2018.04.19"]
[SourceVersion "1"]
[SourceVersionDate "2018.04.19"]
[SourceQuality "1"]

1. d4 Nf6 2. Nf3 c5 3. c3 e6 4. g3 b6 5. Bg2 Bb7 6. Bf4 Be7 7. 0-0 0-0 8. Re1 d6 9. Nbd2 Nd5 10. e4 Nxf4 11. gxf4 cxd4 12. Nxd4 Nd7 13. Qg4 Nf6 14. Qh3 e5 15. Nf5 g6 16. Nh6+ Kg7 17. f5 Nh5 18. Ng4 Nf4 19. Qh6+ Kh8 20. Nf3 gxf5 21. exf5 Rg8 22. Nfxe5 dxe5 23. Bxb7 Rxg4+ 24. Kh1 Rb8 25. Be4 Rh4 26. Qc6 Bc5 27. Rad1 Rxh2+ 28. Kxh2 Qh4+ 29. Kg1 Qxf2+ 30. Kh1 Qh4# 0-1

[Event "Skopje Karposh op"]
[Site "Skopje"]
[Date "2014.04.04"]
[Round "8"]
[White "Montolio Benedicto, Cesar"]
[Black "Zhezhov, Emil"]
[Result "1/2-1/2"]
[WhiteElo "1950"]
[BlackElo "1746"]
[PlyCount "78"]
[EventDate "2014.03.29"]
[EventType "swiss"]
[EventRounds "9"]
[EventCountry "MKD"]
[SourceTitle "CBM 159 Extra"]
[Source "ChessBase"]
[SourceDate "2014.04.24"]
[SourceVersion "1"]
[SourceVersionDate "2014.04.24"]
[SourceQuality "1"]

1. e4 e6 2. d3 b6 3. Nf3 Bb7 4. g3 d6 5. Bg2 Nd7 6. 0-0 g6 7. Re1 Bg7 8. c3 Ne7 9. d4 a6 10. Nbd2 0-0 11. Nf1 Kh8 12. Bd2 Qe8 13. Qc1 Ng8 14. h4 f6 15. N1h2 Qf7 16. Ng4 Rae8 17. Bh6 Nxh6 18. Nxh6 Bxh6 19. Qxh6 Qg7 20. Qxg7+ Kxg7 21. Rad1 h6 22. Nd2 Bc8 23. Nc4 Nb8 24. e5 fxe5 25. dxe5 d5 26. Ne3 c5 27. f4 b5 28. Nc2 Re7 29. Ra1 g5 30. hxg5 hxg5 31. fxg5 Rf5 32. a4 Bd7 33. axb5 Bxb5 34. b4 Rxg5 35. Re3 Nd7 36. bxc5 Nxc5 37. Nd4 Kf7 38. Ra5 Ne4 39. Bxe4 dxe4 1/2-1/2

[Event "Skopje Karposh op"]
[Site "Skopje"]
[Date "2014.04.01"]
[Round "5"]
[White "Pastar, Slaven"]
[Black "Zhezhov, Emil"]
[Result "1-0"]
[WhiteElo "2152"]
[BlackElo "1746"]
[PlyCount "111"]
[EventDate "2014.03.29"]
[EventType "swiss"]
[EventRounds "9"]
[EventCountry "MKD"]
[SourceTitle "CBM 159 Extra"]
[Source "ChessBase"]
[SourceDate "2014.04.24"]
[SourceVersion "1"]
[SourceVersionDate "2014.04.24"]
[SourceQuality "1"]

1. g3 f5 2. Bg2 Nf6 3. Nf3 e6 4. 0-0 d5 5. b3 c6 6. Bb2 Bd6 7. d3 0-0 8. Nbd2 Qc7 9. e4 e5 10. Re1 fxe4 11. dxe4 Bg4 12. h3 Bxf3 13. Bxf3 Nbd7 14. Qe2 Rae8 15. Rad1 a6 16. Kg2 b5 17. g4 Nb6 18. g5 Nfd7 19. Nf1 d4 20. Ng3 Nc5 21. Bg4 Ne6 22. Bc1 g6 23. Bxe6+ Rxe6 24. Qg4 Qf7 25. Re2 Re7 26. h4 Na8 27. h5 Nc7 28. Rh1 Ne6 29. hxg6 hxg6 30. f3 Nf4+ 31. Bxf4 exf4 32. Nf1 Be5 33. Kg1 c5 34. Reh2 c4 35. Qh4 Qg7 36. Qe1 Qf7 37. bxc4 bxc4 38. Qa5 Qe6 39. Nd2 d3 40. c3 Bg7 41. Kf2 Rb8 42. Re1 Rb5 43. Qd8+ Kf7 44. Rh4 Rxg5 45. Rxf4+ Rf5 46. Rh4 Bxc3 47. Rh7+ Bg7 48. Qh8 Qb6+ 49. Kf1 Qf6 50. exf5 Rxe1+ 51. Kxe1 Qa1+ 52. Kf2 Qd4+ 53. Kg2 gxf5 54. Rxg7+ Qxg7+ 55. Qxg7+ Kxg7 56. Nxc4 1-0

[Event "Mediterranean op 6th"]
[Site "Rijeka"]
[Date "2013.12.06"]
[Round "8"]
[White "Safar, Sandro"]
[Black "Zhezhov, Emil"]
[Result "1-0"]
[WhiteElo "1667"]
[BlackElo "1748"]
[PlyCount "69"]
[EventDate "2013.11.30"]
[EventType "swiss"]
[EventRounds "9"]
[EventCountry "CRO"]
[SourceTitle "CBM 157 Extra"]
[Source "ChessBase"]
[SourceDate "2013.12.19"]
[SourceVersion "1"]
[SourceVersionDate "2013.12.19"]
[SourceQuality "1"]

1. e4 e6 2. Nc3 b6 3. Nf3 Bb7 4. d4 d6 5. Bd3 Nd7 6. Bf4 g6 7. e5 Bxf3 8. Qxf3 d5 9. 0-0 c6 10. Ne2 g5 11. Bd2 h5 12. Qg3 Be7 13. f4 g4 14. f5 exf5 15. Rxf5 Bh4 16. Qf4 f6 17. g3 Ne7 18. gxh4 Nxf5 19. Bxf5 Qe7 20. Bxd7+ Kxd7 21. Qxf6 Qxf6 22. exf6 Ke6 23. Bg5 Kf7 24. Ng3 Kg6 25. Re1 Rae8 26. Re7 Rxe7 27. fxe7 a6 28. b3 b5 29. b4 Rg8 30. Kf2 Rh8 31. Ke3 Kf7 32. Kf4 a5 33. bxa5 Ra8 34. Nf5 Rxa5 35. Nd6+ 1-0

[Event "Skopje Karposh op"]
[Site "Skopje"]
[Date "2013.03.11"]
[Round "4"]
[White "Ilic, Slobodan R"]
[Black "Zhezhov, Emil"]
[Result "1/2-1/2"]
[WhiteElo "2052"]
[BlackElo "1769"]
[PlyCount "142"]
[EventDate "2013.03.09"]
[EventType "swiss"]
[EventRounds "9"]
[EventCountry "MKD"]
[SourceTitle "CBM 153 Extra"]
[Source "ChessBase"]
[SourceDate "2013.04.22"]
[SourceVersion "1"]
[SourceVersionDate "2013.04.22"]
[SourceQuality "1"]

1. e4 d6 2. c4 g6 3. Nc3 Bg7 4. d4 a6 5. Nf3 Nd7 6. Be2 e6 7. 0-0 b6 8. Bg5 Ne7 9. Qd2 h6 10. Be3 Bb7 11. Ne1 Nf6 12. d5 c5 13. a4 Qc7 14. Rb1 Rd8 15. Nc2 Bc8 16. b4 exd5 17. bxc5 bxc5 18. cxd5 Ng4 19. Bxg4 Bxg4 20. Na3 Kf8 21. Nc4 Nc8 22. Rb2 Qe7 23. f3 Bd7 24. Rb7 Qf6 25. e5 Qh4 26. Ne4 Kg8 27. g3 Qh5 28. exd6 Kh7 29. Nxc5 Bh3 30. Rf2 Nxd6 31. Nxd6 Rxd6 32. Rxf7 Rb8 33. Qc3 Rb1+ 34. Bc1 Rxc1+ 35. Qxc1 Qxd5 36. Rxg7+ Kxg7 37. Qc3+ Kh7 38. Re2 Qd1+ 39. Re1 Qd4+ 40. Qxd4 Rxd4 41. Re7+ Kg8 42. Kf2 Rc4 43. Nxa6 Rxa4 44. Nc5 Ra2+ 45. Re2 Ra1 46. g4 h5 47. Kg3 hxg4 48. fxg4 Bf1 49. Rf2 Bc4 50. Kh4 Kg7 51. Nd7 Be6 52. Re2 Bxd7 53. Re7+ Kf6 54. Rxd7 Ra6 55. Rd5 Ra4 56. Rd6+ Kg7 57. Kg5 Ra5+ 58. Kf4 Rb5 59. Kf3 Rb4 60. h4 Ra4 61. Re6 Ra3+ 62. Kf4 Ra4+ 63. Re4 Ra5 64. Rd4 Rb5 65. Rd7+ Kg8 66. g5 Ra5 67. Ke4 Rf5 68. Rd5 Rf1 69. Ke5 Kg7 70. Rd7+ Kg8 71. Ke6 Rf2 1/2-1/2

[Event "Skopje op 19th"]
[Site "Skopje"]
[Date "2011.10.28"]
[Round "5"]
[White "Zhezhov, Emil"]
[Black "Koskoska, Gabriela"]
[Result "1/2-1/2"]
[WhiteElo "1798"]
[BlackElo "2117"]
[PlyCount "34"]
[EventDate "2011.10.24"]
[EventType "swiss"]
[EventRounds "9"]
[EventCountry "MKD"]
[SourceTitle "EXT 2012"]
[Source "ChessBase"]
[SourceDate "2011.11.24"]
[SourceVersion "1"]
[SourceVersionDate "2011.11.24"]
[SourceQuality "1"]

1. b3 e5 2. Bb2 Nc6 3. c4 Nf6 4. a3 a5 5. e3 Be7 6. d3 0-0 7. Nf3 d6 8. Be2 Re8 9. Nbd2 Bf8 10. Qc2 g6 11. 0-0 Bg7 12. Bc3 Bd7 13. Qb2 Qe7 14. e4 Nd8 15. b4 axb4 16. axb4 Ne6 17. Rfe1 Reb8 1/2-1/2

[Event "Skopje op 19th"]
[Site "Skopje"]
[Date "2011.10.24"]
[Round "1"]
[White "Zhezhov, Emil"]
[Black "Dinev, Dejan"]
[Result "0-1"]
[WhiteElo "1798"]
[BlackElo "2398"]
[PlyCount "66"]
[EventDate "2011.10.24"]
[EventType "swiss"]
[EventRounds "9"]
[EventCountry "MKD"]
[SourceTitle "EXT 2012"]
[Source "ChessBase"]
[SourceDate "2011.11.24"]
[SourceVersion "1"]
[SourceVersionDate "2011.11.24"]
[SourceQuality "1"]

1. b3 Nf6 2. Bb2 g6 3. e3 Bg7 4. c4 0-0 5. Nf3 c6 6. a3 d6 7. d3 Na6 8. Be2 e5 9. Qc2 Qe7 10. Nbd2 Re8 11. 0-0 Ng4 12. Rfe1 f5 13. Nf1 Be6 14. b4 Bd7 15. Rac1 Rac8 16. Qb1 b6 17. Rc2 c5 18. b5 Nc7 19. Rd1 d5 20. Ne1 d4 21. Bxg4 fxg4 22. e4 h5 23. Bc1 Kh7 24. f4 exf4 25. Bxf4 Ne6 26. Rf2 Rf8 27. g3 g5 28. Bc1 Rxf2 29. Kxf2 Rf8+ 30. Kg1 Qf7 31. Nd2 Qf2+ 32. Kh1 Qe2 33. Bb2 Rf1+ 0-1

[Event "FRM-ch op 20th"]
[Site "Struga"]
[Date "2011.07.20"]
[Round "5"]
[White "Aleksovski, Aleksandar"]
[Black "Zhezhov, Emil"]
[Result "1-0"]
[WhiteElo "1980"]
[BlackElo "1793"]
[PlyCount "115"]
[EventDate "2011.07.16"]
[EventType "swiss"]
[EventRounds "9"]
[EventCountry "MKD"]
[SourceTitle "CBM 143 Extra"]
[Source "ChessBase"]
[SourceDate "2011.08.29"]
[SourceVersion "1"]
[SourceVersionDate "2011.08.29"]
[SourceQuality "1"]

1. d4 e6 2. c4 f5 3. Nc3 Nf6 4. Nf3 d5 5. cxd5 exd5 6. Bg5 Be7 7. e3 c6 8. Ne5 0-0 9. Bd3 Ne4 10. Bxe7 Qxe7 11. 0-0 Nd7 12. Nxd7 Bxd7 13. Qc2 Nd6 14. Rac1 Rae8 15. b4 a6 16. Qb3 Kh8 17. a4 Qf6 18. b5 axb5 19. axb5 f4 20. bxc6 bxc6 21. Ne2 f3 22. Nf4 fxg2 23. Rfe1 g5 24. Nxg2 Qxf2+ 25. Kh1 Qf7 26. Qc2 Qe7 27. Rf1 Ne4 28. Bxe4 Qxe4 29. Rxf8+ Rxf8 30. Qxe4 dxe4 31. Kg1 Kg7 32. Rc5 Rf5 33. Rxf5 Bxf5 34. Ne1 Kf6 35. Nc2 Be6 36. Nb4 Bd5 37. Kf2 Kf5 38. Kg3 h5 39. h4 g4 40. Na6 Kf6 41. Kf4 g3 42. Kxg3 Kf5 43. Nc5 Bc4 44. Nb7 Bd5 45. Nd8 Kg6 46. Kf4 Kf6 47. Nb7 Be6 48. Nc5 Bg4 49. Nxe4+ Ke6 50. Kg5 Bf3 51. Nf6 Bd1 52. Nxh5 Kd5 53. Nf6+ Kc4 54. Kf4 c5 55. dxc5 Kxc5 56. h5 Bxh5 57. Nxh5 Kd5 58. Kf5 1-0

[Event "FRM-ch op"]
[Site "Struga"]
[Date "2009.07.26"]
[Round "9"]
[White "Zhezhov, Emil"]
[Black "Bejatovic, Bojana"]
[Result "0-1"]
[WhiteElo "1822"]
[BlackElo "1809"]
[PlyCount "72"]
[EventDate "2009.07.18"]
[EventType "swiss"]
[EventRounds "9"]
[EventCountry "MKD"]
[SourceTitle "CBM 131 Extra"]
[Source "ChessBase"]
[SourceDate "2009.09.03"]
[SourceVersion "2"]
[SourceVersionDate "2009.09.16"]
[SourceQuality "1"]

1. c4 f5 2. g3 Nf6 3. Bg2 g6 4. Nc3 Bg7 5. Rb1 0-0 6. b4 d6 7. a4 e5 8. d3 c6 9. e3 Qc7 10. Nge2 Be6 11. 0-0 Nbd7 12. Bd2 Rae8 13. Qb3 Nh5 14. Rbc1 g5 15. f4 exf4 16. gxf4 g4 17. Kh1 Qd8 18. Ng3 Nxg3+ 19. hxg3 h5 20. Kg1 h4 21. Be1 h3 22. Bh1 Qb6 23. Nd1 Nf6 24. Bf2 Qd8 25. Qc2 Re7 26. e4 Qe8 27. Nc3 Bh8 28. Rcd1 h2+ 29. Kg2 Qh5 30. Be3 fxe4 31. Nxe4 d5 32. Nxf6+ Rxf6 33. Bd4 Qh3+ 34. Kf2 Rxf4+ 35. gxf4 Bxd4+ 36. Ke2 Qe3# 0-1